Cobra in my Kitchen and other Adventures with Wildlife/ (Record no. 216189)

MARC details
000 -LEADER
fixed length control field 00542nam a22001937a 4500
005 - DATE AND TIME OF LATEST TRANSACTION
control field 20260514121416.0
010 ## - LCCN (DPL NO)
LC control number ENG-148457
020 ## - INTERNATIONAL STANDARD BOOK NUMBER
Terms of availability 399.00
International Standard Book Number 9789357317375
035 ## - SYSTEM CONTROL NUMBER
System control number EN-131989
037 ## - SOURCE OF ACQUISITION
Source of stock number/acquisition DBAD
Stock number dpl
082 ## - DEWEY DECIMAL CLASSIFICATION NUMBER
Classification number S
100 ## - MAIN ENTRY--PERSONAL NAME
Personal name Whitaker, Zai
245 00 - TITLE STATEMENT
Title Cobra in my Kitchen and other Adventures with Wildlife/
Statement of responsibility, etc Zai Whitaker
250 ## - EDITION STATEMENT
Edition statement 1
260 ## - PUBLICATION, DISTRIBUTION, ETC. (IMPRINT)
Place of publication, distribution, etc Gurgaon
Name of publisher, distributor, etc Hachette Book Publishing
Date of publication, distribution, etc 2024
270 ## - ADDRESS
Address Plot No.94, Sector 44
City Gurgaon
Postal code 122003
300 ## - PHYSICAL DESCRIPTION
Extent 194p. :
Dimensions 22cm(pb)
Other physical details ill.
942 ## - ADDED ENTRY ELEMENTS (KOHA)
Source of classification or shelving scheme Dewey Decimal Classification
Item type English Books
Call number suffix WHI
Classification part S
Holdings
Withdrawn status Lost status Not for loan Collection code Home library Current library Date acquired Source of acquisition Cost, normal purchase price Full call number Barcode Copy number Cost, replacement price Koha item type
      Fiction Tri Nagar Tri Nagar 14/05/2026 Delivery of Books Act Division 399.00 WHI S EN-131989 1 399.00 English Books

© Delhi Public Library
Hit Counter
free hit counter